| 000 | 00863nam a22002777a 4500 | ||
|---|---|---|---|
| 003 | CHAP | ||
| 005 | 20220329134632.0 | ||
| 008 | 971013s1950 r 00010 d | ||
| 010 | _a23372 | ||
| 011 | _a24344 | ||
| 035 | _a28443 | ||
| 040 | _cCHAP | ||
| 082 |
_a334.5 _bC4 |
||
| 100 | 0 | 0 |
_aChávez Núñez, Fernando. _922743 |
| 245 | _aOrganización y administración de las cooperativas de consumo | ||
| 260 |
_aWashington : _bUnión Panamericana, _c1950 |
||
| 300 |
_a60 p. _b: ilus |
||
| 590 |
_aBATCH-UPD _b10 _c20130110 _lUCH01 _h2046 |
||
| 590 |
_aBATCH-UPD _b10 _c20130410 _lUCH01 _h1359 |
||
| 590 |
_aBATCH-UPD _b10 _c20130914 _lUCH01 _h0928 |
||
| 590 |
_aCONVERSION _b10 _c20130109 _lUCH01 _h1314 |
||
| 650 | 1 | 4 |
_aSociedades cooperativas _xColima. _9108124 |
| 901 | _aBK | ||
| 942 | _cLIBRO | ||
| 949 |
_a334.5 C4 _bBC _cLIBRO _d33724000359006 _eLIBRO _i28443 _si |
||
| 999 |
_c23372 _d23372 |
||